00337nam a2200145Ia 45000030006000000080041000060400015000471000024000622450026000862500006001122600036001183000006001545460014001600050017001740STCL150530s9999 xx 000 0 und d aSTCLcSTCL aVasudevan Moosath K aMeppathur Bhattathiri a6 bBharatha Vilasam; Trichurc1951 a0 aMalayalam20220125171819.0